Drapeaux du monde transformés par une symétrie orthogonale - Statistiques

Statistiques générales
  • Ce quiz a été pris 566 fois
  • Le résultat moyen est 13 sur 16
Statistiques - réponses
Par images Réponse % Correct
Afrique du Sud
99%
Corée du Sud
99%
Danemark
97%
République tchèque
93%
Belgique
92%
Bangladesh
91%
France
89%
R.D. Congo
89%
Seychelles
85%
Pakistan
82%
Bahreïn
81%
Bahamas
74%
Tonga
74%
Panama
72%
Bénin
71%
Algérie
54%
Aucun quiz correspondant
Distribution des résultats
% des personnes avec chaque résultat
Percentile par nombre de réponses
Votre historique - résultats
Vous n’avez pas pris ce quiz